| 000 | 00995pam a2200265 a 4500 | ||
|---|---|---|---|
| 999 |
_c19594 _d19594 |
||
| 001 | 1085982 | ||
| 003 | ARRUPE | ||
| 005 | 20170718113643.0 | ||
| 008 | 920821s1993 cau b 001 0 eng | ||
| 010 | _a 92000595 | ||
| 020 | _a0534197345 (acidfree paper) | ||
| 040 |
_aDLC _cDLC _dDLC |
||
| 050 | 0 | 0 |
_aB801 _b.T47 1993 |
| 082 | 0 | 0 |
_a190/.9/032 _220 |
| 100 | 1 |
_aThomson, Garrett. _933161 |
|
| 245 | 1 | 3 |
_aAn introduction to modern philosophy / _cGarrett Thomson. |
| 260 |
_aBelmont, Calif. : _bWadsworth Pub. Co., _cc1993. |
||
| 300 |
_axvi, 281 p. ; _c23 cm. |
||
| 504 | _aIncludes bibliographical references (p. 256-258) and index. | ||
| 650 |
_aPhilosophy _y17th century _xModern _933141 |
||
| 650 |
_aPhilosophy _y18th century _xModern _933142 |
||
| 906 |
_a7 _bcbc _corignew _d1 _eocip _f19 _gy-gencatlg |
||
| 942 |
_2lcc _cMONOGRAPH |
||